=LDR 00000nam 2200000 4500 =001 INLIS000000000009702 =005 20130612101503 =008 ***********************************Ind** =035 ##$$0010-061300000009702 =041 ##$$a Ind =082 ##$$a 636.909.598 =090 ##$$a 636.909.598, Mel m =245 ##$$a Melestarikan Hutan Tropis, permasalahan, Manfaat dan ebijakanya, Penyunting,s, Machtar =260 ##$$a 1992 $b Jakarta =300 ##$$a 187 hlm, ilus, 21 cm =650 ##$$a Hutan dan Perkebunan Indonesia =700 ##$$a Lubis Machtar =850 ##$$a NBPNMAT